000 00661nam a2200205 i 4500
001 65097
003 ES-MaACL
005 20230906165310.0
007 t|
008 040108s1973 sp ||||1| spa d
100 1 _aFragoso del Toro, Victor.
_952086
245 1 3 _aLa España de ayer /
_cVictor Fragoso del Toro.
260 _a[Madrid] :
_bDoncel,
_c[1973]
300 _a3 v. ;
_c21 cm.
505 8 _aContiene: T.I: Se alza una bandera. -- T.II: Revolución en octubre . -- T.III: En línea de combate
740 0 _aSe alza una bandera.
740 0 _aRevolución en octubre.
740 0 _aEn línea de combate.
852 _aES-MaACL
_jC-55638-40
_bR.88072
999 _c65097
_d65097